01421nam a2200337Ia 4500001001200000003000800012006001900020007001500039008004100054010001700095020003000112020002600142040002100168035002100189050002300210082001600233100002500249245013100274260004700405300005600452504006600508533015200574650005800726650002500784650005600809655002900865700002900894710001700923856012600940999001701066ebr10660292CaPaEBRm u cr cn|||||||||080821s2009 nyuab sb 001 0 eng d z 2008037245 z9781604569988 (hardcover) z9781608765232 (ebook) aCaPaEBRcCaPaEBR a(OCoLC)84765103914aTA170b.B65 2009eb04a620/.412221 aBolonkin, Alexander.10aMacro-projectsh[electronic resource] :benvironment and technology /cAlexander Bolonkin and Richard Brook Cathcart (editor). aNew York :bNova Science Publisher,c2009. aviii, 537 p. :bill. (some col.), maps (some col.)  aIncludes bibliographical references (p. [495]-509) and index. aElectronic reproduction.bPalo Alto, Calif. :cebrary,d2013.nAvailable via World Wide Web.nAccess may be limited to ebrary affiliated libraries. 0aEnvironmental engineeringxTechnological innovations. 0aLarge scale systems. 0aSustainable engineeringxTechnological innovations. 7aElectronic books.2local1 aCathcart, Richard Brook.2 aebrary, Inc.40uhttp://site.ebrary.com/lib/rucke/Doc?id=10660292zAn electronic book accessible through the World Wide Web; click to view c66677d66677